000 00685nam a22002057a 4500
003 UA-OsUOA
001 9983
007 ta
008 20041213b un ||||| |||| 00| 0 ukr d
100 _aБазилевський В.
942 _cSA
040 _aUA-OsUOA
_bukr
_cUA-OsUOA
_dUA-OsUOA
245 _aФлейта - ім'я жіноче : [ Про творч. укр.поетес -Л.Таран, С.Короненко, В.Давиденко]/Закінч. Почат. у №47
300 _aС.6
955 _a0
041 _aukr
044 _aUA
773 0 _w0
_tЛітературна Україна
_dКиїв
_d2004
_g№48 /9груд./
650 7 _aДавиденко В.
_2UDC
999 _c296144
_d296144